Answers Contain "Ultra" - Statistics

General Stats
  • This quiz has been taken 193 times
    45 since last reset
  • The average score is 6 of 15
Answer Stats
Hint Answer % Correct
Electromagnetic radiation with a wavelength 10 nm to 400 nm ultraviolet
75%
Any footrace longer than 42.195 kilometres ultramarathon
68%
Extreme devotion to one's own country ultranationalism
63%
High, unhearable frequencies used for imaging ultrasound
60%
Describes 16:9 digital video formats between 4K and 8K ultra high definition
48%
Deep blue pigment, originally made from lapis lazuli ultramarine
45%
Game featuring M. Bison, Evil Ryu, Violent Ken, and others Ultra Street Fighter II
38%
What Alex in A Clockwork Orange enjoys ultraviolence
38%
Code name for CIA mind control program {MK}Ultra
35%
NASA image of space, containing about 10,000 galaxies Hubble Ultra-{Deep} Field
25%
Extradimensional Pokémon originating from Ultra Space Ultra {Beast}
20%
Japanese tokusatsu science fiction television series Ultraman
18%
Describes radio waves between 300 MHz and 3 GHz ultra high frequency
15%
A reactionary group after Napoleon's defeat Ultra-{royal}ists
15%
Annual event in Miami featuring EDM and dance Ultra Music Festival
13%
No matching quizzes found
Score Distribution
Percent of People with Each Score
Percentile by Number Answered
Your Score History
You have not taken this quiz since the last reset